000 00604nam a22002413 4500
999 _c7735
_d7735
001 7735
003 BD - JhCC
005 20181009113556.0
008 961104s1961 xx 000 0 und d
035 _a(BD - JhCC)7735
040 _aEQO
_cEQO
_dBD-JhCC
041 _aeng
082 _a371.335
_bRAM 1961
100 1 _aRamshaw, Harold George.
245 1 0 _aBlackboard work /
_cadapted by C. White.
260 _aKuala Lumpur,
_c1961.
300 _a56 p. :
_c20 cm.
490 1 _aTeacher's bookshelf
700 1 _aWhite, C.
830 0 _aTeacher's bookshelf
942 _2ddc
_cBK